000 00665nam a2200265Ia 4500
005 20260306163459.0
008 008 260114s9999 xx 000 0 eng d
020 _a9780252055072
037 _aEBOOK
040 _aCRL
040 _beng
040 _cCRL
041 _2eng
041 _aeng
084 _qCRL
100 _aPegg
_9938958
245 0 _aDrones, Tones, And Timbres: Sounding Place Among Nomads Of The Inner Asian Mountain-steppes
260 _bUniversity of Illinois Press
260 _c2024
650 _aMusic
856 _uhttps://academic.oup.com/book/58747
942 _cEBOOK
999 _c1710273
_d1710273